| 000 | 00474nam a2200181Ia 4500 | ||
|---|---|---|---|
| 005 | 20240718042852.0 | ||
| 008 | 240331s9999 xx 000 0 und d | ||
| 020 | _a8185054436 | ||
| 082 |
_a200 _bFUN |
||
| 245 | 0 | _aFundamentalism revivalists and violence in South Asia | |
| 260 |
_aNew Delhi _bManohar Publications _c1988 |
||
| 300 | _axii, 219 p ., | ||
| 650 | _aFundamentalism | ||
| 650 | _aPolitics | ||
| 650 | _aEconomy | ||
| 700 |
_aBjorkman,J.W. _eedt |
||
| 942 | _cL | ||
| 999 |
_c771 _d771 |
||